|
|
|
|
| LEADER |
00000nab a2200000 a 4500 |
| 001 |
vtls011113007 |
| 003 |
SK-MaSNL |
| 005 |
20260303150628.0 |
| 008 |
230222|2011 xo |||||||||||||||||slo| |
| 015 |
|
|
|a SNBRB
|
| 035 |
|
|
|a (uuid)dadc3cee-3a3f-4582-8765-aab9bb1894a3
|
| 035 |
|
|
|a (urnnbn)urn:nbn:sk:snk:ar-a08h4a
|
| 035 |
|
|
|a urn:nbn:sk:snk-ab9jkz
|
| 040 |
|
|
|a SNKBUCL
|b slo
|c SNKBUCL
|e AACR2
|
| 041 |
0 |
|
|a slo
|
| 044 |
|
|
|a xo
|c SK
|
| 100 |
1 |
|
|a Fabuš, Michal,
|d 1981-
|4 aut
|9 198872
|
| 245 |
1 |
0 |
|a Priame zahraničné investície a hrubý domáci produkt
|c Michal Fabuš, Peter Otrubčák
|
| 700 |
1 |
|
|a Otrubčák, Peter
|4 aut
|9 331709
|
| 773 |
0 |
|
|t Verejná správa a regionálny rozvoj : vedecký časopis Vysokej školy ekonómie a manažmentu verejnej správy v Bratislave
|g Roč. 7, č. 3 (2011), s. 54-60
|
| 954 |
|
|
|a odborná, vedecká literatúra pôvodná (slovenská)
|2 lita
|
| 958 |
|
|
|a OND
|
| 958 |
|
|
|a EUIPO
|
| 958 |
|
|
|a article13
|
| 999 |
|
|
|c 2012143
|d 2014073
|